| 000 | 02527nam a22005297a 4500 | ||
|---|---|---|---|
| 001 | 18711401 | ||
| 005 | 20230515095258.0 | ||
| 008 | 230515b |||||||| |||| 00| 0 eng d | ||
| 010 | _a 2015947456 | ||
| 020 | _a9780198758884 (hbk.) | ||
| 020 | _a019875888X (hbk.) | ||
| 020 | _a9780198824435 (pbk.) | ||
| 035 | _a(OCoLC)ocn919186901 | ||
| 040 |
_aYDXCP _beng _cKMU _erda _dKMU |
||
| 042 | _alccopycat | ||
| 050 | 0 | 0 |
_aQC 175.47.B65 Pit _bP58 2016 |
| 100 | 1 |
_aPitaevskiĭ, L. P. _q(Lev Petrovich), _eauthor. |
|
| 240 | 1 | 0 | _aBose-Einstein condensation |
| 245 | 1 | 0 |
_aBose-Einstein condensation and superfluidity / _cLev Pitaevskii, Department of Physics, University of Trento and National Institute of Optics, INO-CNR, Italy, Kapitza Institute for Physical Problems, RAS, Moscow, Russia, Sandro Stringari, Department of Physics, University of Trento and National Institute of Optics, INO-CNR, Italy. |
| 250 | _aFirst edition. | ||
| 264 | 1 |
_aOxford, United Kingdom : _bOxford University Press, _c2016. |
|
| 264 | 4 | _c©2016 | |
| 300 |
_axi, 553 pages : _billustrations ; _c26 cm. |
||
| 336 |
_atext _btxt _2rdacontent |
||
| 337 |
_aunmediated _bn _2rdamedia |
||
| 338 |
_avolume _bnc _2rdacarrier |
||
| 490 | 1 |
_aInternational series of monographs on physics ; _v164 |
|
| 490 | 1 | _aOxford science publications | |
| 500 | _a"This is an extended and updated version of the book Bose-Einstein condensation published by Oxford University Press in 2003." --Preface. | ||
| 504 | _aIncludes bibliographical references (pages 527-550) and index. | ||
| 650 | 0 | _aBose-Einstein condensation. | |
| 650 | 0 | _aBose-Einstein gas. | |
| 650 | 0 | _aSuperfluidity. | |
| 650 | 7 |
_aBose-Einstein condensation. _2fast _0(OCoLC)fst00836775 |
|
| 650 | 7 |
_aBose-Einstein gas. _2fast _0(OCoLC)fst00836776 |
|
| 650 | 7 |
_aSuperfluidity. _2fast _0(OCoLC)fst01138874 |
|
| 700 | 1 |
_aStringari, S., _eauthor. |
|
| 830 | 0 |
_aInternational series of monographs on physics (Oxford, England) ; _v164. |
|
| 830 | 0 | _aOxford science publications. | |
| 856 | 4 | 2 |
_3Contributor biographical information _uhttps://www.loc.gov/catdir/enhancements/fy1614/2015947456-b.html |
| 856 | 4 | 2 |
_3Publisher description _uhttps://www.loc.gov/catdir/enhancements/fy1614/2015947456-d.html |
| 856 | 4 | 1 |
_3Table of contents only _uhttps://www.loc.gov/catdir/enhancements/fy1614/2015947456-t.html |
| 906 |
_a7 _bcbc _ccopycat _d2 _encip _f20 _gy-gencatlg |
||
| 942 |
_2lcc _cBK _n0 |
||
| 999 |
_c323 _d323 |
||